Flowering plants of Kerala/ (Record no. 216112)
[ view plain ]
| 000 -LEADER | |
|---|---|
| fixed length control field | 01090nam a22002657a 4500 |
| 005 - DATE AND TIME OF LATEST TRANSACTION | |
| control field | 20260511124715.0 |
| 010 ## - LCCN (DPL NO) | |
| LC control number | ENG-148423 |
| 020 ## - INTERNATIONAL STANDARD BOOK NUMBER | |
| International Standard Book Number | 8190039768 |
| Terms of availability | 3500.00 |
| 035 ## - SYSTEM CONTROL NUMBER | |
| System control number | EN-131955 |
| 037 ## - SOURCE OF ACQUISITION | |
| Source of stock number/acquisition | DBAD |
| 082 ## - DEWEY DECIMAL CLASSIFICATION NUMBER | |
| Classification number | 581.954 |
| 100 ## - MAIN ENTRY--PERSONAL NAME | |
| Personal name | Nayar, T.N. |
| 245 ## - TITLE STATEMENT | |
| Title | Flowering plants of Kerala/ |
| Statement of responsibility, etc | by T.N. Nayar...[et.al] |
| 260 ## - PUBLICATION, DISTRIBUTION, ETC. (IMPRINT) | |
| Place of publication, distribution, etc | Thiruvananthapuram, Kerala, India |
| Name of publisher, distributor, etc | Jawaharlal Nehru Tropical Botanic Garden and Research Institute, |
| Date of publication, distribution, etc | 2006 |
| 270 ## - ADDRESS | |
| Address | Jawaharlal Nehru Tropical Botanic Garden and Research Institute, |
| City | Thiruvananthapuram, Kerala |
| 300 ## - PHYSICAL DESCRIPTION | |
| Extent | 1079p. |
| Dimensions | 25cm(Hb) |
| Other physical details | maps(b&w),col. |
| 650 ## - SUBJECT ADDED ENTRY--TOPICAL TERM | |
| Topical term or geographic name as entry element | Monocotyledons . |
| Geographic subdivision | India |
| Form subdivision | Classification. |
| 650 ## - SUBJECT ADDED ENTRY--TOPICAL TERM | |
| Topical term or geographic name as entry element | Diacotyledons |
| Geographic subdivision | India |
| -- | Western Ghats |
| Form subdivision | Classification. |
| 650 ## - SUBJECT ADDED ENTRY--TOPICAL TERM | |
| Topical term or geographic name as entry element | Flowers |
| Geographic subdivision | India |
| -- | Kerala |
| Form subdivision | Classification. |
| 700 ## - ADDED ENTRY--PERSONAL NAME | |
| Personal name | Rasiya Beegam, A. |
| 9 (RLIN) | 89046 |
| 700 ## - ADDED ENTRY--PERSONAL NAME | |
| Personal name | N. Mohanan |
| 9 (RLIN) | 89047 |
| 700 ## - ADDED ENTRY--PERSONAL NAME | |
| Personal name | G Rajkumar |
| 9 (RLIN) | 89048 |
| 710 ## - ADDED ENTRY--CORPORATE NAME | |
| Corporate name or jurisdiction name as entry element | Jawaharlal Nehru Tropical Botanic Garden and Research Institute, |
| Relator term | issuing body. |
| 9 (RLIN) | 89049 |
| 942 ## - ADDED ENTRY ELEMENTS (KOHA) | |
| Source of classification or shelving scheme | Dewey Decimal Classification |
| Item type | English Books |
| Call number suffix | NAY |
| Classification part | 581.954 |
| Withdrawn status | Lost status | Not for loan | Collection code | Home library | Current library | Date acquired | Source of acquisition | Cost, normal purchase price | Full call number | Barcode | Copy number | Cost, replacement price | Koha item type |
|---|---|---|---|---|---|---|---|---|---|---|---|---|---|
| Not For Loan | Reference | D.B.Act.Division | D.B.Act.Division | 11/05/2026 | Delivery of Books Act Division | 3500.00 | NAY 581.954 | EN-131955 | 1 | 3500.00 | English Books |
